Дело о сосредоточении в ведении училищных советов сумм, ассигнуемых сельскими обществами и земствами на народные училища

Доступно только в Электронных читальных залах Найти на картеНа карте
RUSMARC
00003783nmc2a22000003x 450
001b0114875-c9ec-429d-801f-ab8ced05a78c
00520210212174013.0
100##$a20190607l18741878k l0rusy0189 ca
1010#$arus
102##$aRU
2001#$aДело о сосредоточении в ведении училищных советов сумм, ассигнуемых сельскими обществами и земствами на народные училища
$j6 мая 1874 г. - 14 января 1878 г.
251##$cДело
300##$aДело
801#0$aRU
$bРГИА
$c20190607
$gRCR
801#1$aRU
$bГлавНИВЦ
$c20190607
$2rusmarc
801#2$aRU
$bПБ им. Б.Н. Ельцина
$c20210212
$gRCR
$2rusmarc
850##$aРГИА
852##$aРГИА
$eФедеральное казенное учреждение "Российский государственный исторический архив" (РГИА)
$j864
937##$hРГИА
$d12298681
$aASBIBLIO_SCAN
462#0$100149b8f3c6-c11a-48a7-8b8d-2a3d0c35e32e
$12001
$aДела разряда учительских семинарий и начальных училищ Департамента народного просвещения за 1838-1880 гг
$1251
$cОпись
$1852
$j170
461#0$1001a74412a3-3cc5-4d21-8f0a-dfe2fbd9e72d
$12001
$aДепартамент народного просвещения Министерства народного просвещения (1803-1917)
$1251
$cФонд
$1852
$j733
215##$a32 л.
$d36,5х26 см
371##$aДокумент не является опубликованным и широко распространяемым
105##$ay###
1222#$ad
035##$ab0114875-c9ec-429d-801f-ab8ced05a78c
856##$uhttp://readingroom.main.prlib.ru/item.aspx?id_node=n156858690&mode=full
Формат отображения